Miracles of Jesus (Record no. 4875)

MARC details
000 -LEADER
fixed length control field 00588nam a2200241 a 4500
020 ## - INTERNATIONAL STANDARD BOOK NUMBER
ISBN
082 00 - DEWEY DECIMAL CLASSIFICATION NUMBER
Classification number 232.955
Author Cutter HAR
100 ## - MAIN ENTRY--AUTHOR NAME
Author name Hargreaves, Cecil
245 ## - TITLE STATEMENT
Title Miracles of Jesus
260 ## - PUBLICATION, DISTRIBUTION, ETC. (IMPRINT)
Place of publication Bangalore
Name of publisher Christian Literature Society
Year of publication 1964
300 ## - PHYSICAL DESCRIPTION
Number of Pages 236p
500 ## - GENERAL NOTE
General note includes index and biblioraphy
505 2# - FORMATTED CONTENTS NOTE
Formatted contents note Index
650 ## - SUBJECT ADDED ENTRY--TOPICAL TERM
Topical Term Jesus Christ-Miracles
942 ## - ADDED ENTRY ELEMENTS (KOHA)
Koha item type Books
700 1# -
-- Hargreaves, Cecil
Holdings
Collection code Home library Current library Date acquired Cost, normal purchase price Full call number Accession Number Koha item type
  Henry Martyn Institute Library Henry Martyn Institute Library 06/19/2007 3.80 232.955 HAR 08810 Books
                   Copyright © 2026 | Henry Martyn Institute | Hyderabad | TS-500052 | INDIA | Implemented by hmi.edu.in
Hit-Count:

Powered by Koha